| 000 | 00643nam a2200217Ii 4500 | ||
|---|---|---|---|
| 003 | JO-AjNU | ||
| 008 | 230606s9999||||xx |||||||||||||| ||und|| | ||
| 020 | _a81-317-1144-7 | ||
| 040 |
_aJO-AjNU _beng _erda _cJO-AjNU |
||
| 041 | _aeng | ||
| 050 | 1 | 4 | _aBF76.5 .S68.2007 |
| 100 | 3 |
_aStanovich,Keith.E, _eauthor _91306 |
|
| 245 | 0 | 0 | _aHow to Think Straight About Psychology |
| 250 | _aSeventh Edition | ||
| 264 | 3 | 1 | _aNew Delhi:Pearson Education ,2007 |
| 300 | _a226p | ||
| 336 |
_atext _btxt _2rdacontent |
||
| 337 |
_aunmediated _bn _2rdamedia |
||
| 338 |
_avolume _bnc _2rdacarrier |
||
| 650 | 4 |
_aPsychology -- Research -- Methodology _91307 |
|
| 999 |
_aE687 _c687 _d687 |
||